U.S. Representatives to the UN - Statistics

General Stats
  • This quiz has been taken 3 times
  • The average score is 14 of 37
Answer Stats
Year Representative % Correct
1971 George H.W. Bush
100%
1946 Herschel Johnson
67%
2009 Susan Rice
67%
1961 Adlai Stevenson II
33%
2006 Alejandro Wolff
33%
1977 Andrew Young
33%
2005 Anne W. Patterson
33%
1965 Arthur Goldberg
33%
1997 Bill Richardson
33%
1969 Charles Yost
33%
1975 Daniel Patrick Moynihan
33%
1979 Donald McHenry
33%
1992 Edward J. Perkins
33%
1946 Edward R. Stettinius Jr.
33%
1968 George Ball
33%
1953 Henry Cabot Lodge Jr.
33%
2001 James B. Cunningham
33%
1960 James Jeremiah Wadsworth
33%
1968 James Russell Wiggins
33%
1981 Jeane Kirkpatrick
33%
1973 John A. Scali
33%
2005 John Bolton
33%
2004 John Danforth
33%
2001 John Negroponte
33%
2019 Jonathan R. Cohen
33%
2019 Kelly Craft
33%
2021 Linda Thomas-Greenfield
33%
1993 Madeleine Albright
33%
2017 Nikki Haley
33%
1998 Peter Burleigh
33%
1999 Richard Holbrooke
33%
2013 Samantha Power
33%
1989 Thomas R. Pickering
33%
1985 Vernon A. Walters
33%
1947 Warren Austin
33%
1976 William Scranton
33%
2007 Zalmay Khalilzad
33%
No matching quizzes found
Score Distribution
Percent of People with Each Score
Percentile by Number Answered
Your Score History
You have not taken this quiz